| 000 | 01223nam a22002057a 4500 | ||
|---|---|---|---|
| 999 |
_c60025 _d60025 |
||
| 003 | Ge_BSU | ||
| 005 | 20230531100226.0 | ||
| 008 | 230531s1989 ge ||||| |||| 00| 0 geo d | ||
| 041 | _ageo | ||
| 080 | _a94(479.22:495)"01/.04" ლ-82 | ||
| 100 |
_aლომოური, ნოდარ _95830 |
||
| 245 |
_aსაქართველოსა და ბიზანტიის ურთიერთობა V საუკუნეში / _cნოდარ ლომოური; [რედ.: ო. ცქიტიშვილი]; საქ. სსრ მეცნ. აკად., აღმოსავლეთმცოდნეობის ინ-ტი. |
||
| 264 |
_aთბილისი : _bმეცნიერება, _c1989. |
||
| 300 |
_a91 გვ. ; _b22 სმ. |
||
| 520 | _aრეზ. რუს. | ||
| 653 | _aსაქართველო-ბიზანტიის ურთიერთობების ისტორია | ||
| 700 |
_aცქიტიშვილი, ო. _eრედაქტორი _910219 |
||
| 710 |
_aსაქ. სსრ მეცნ. აკადემია _bაღმოსავლეთმცოდნეობის ინ-ტი. _918337 |
||
| 942 |
_2udc _cBK |
||